| 000 -ლიდერი |
| ფიქსირებული სიგრძის საკონტროლო ველი |
01339nam a2200277Ia 4500 |
| 001 - საკონტროლო ნომერი |
| საკონტროლო ველი |
19362 |
| 003 - საკონტროლო ნომრის იდენტიფიკატორი |
| საკონტროლო ველი |
GE_BSU |
| 005 - ბოლო ოპერაციის თარიღი და დრო |
| საკონტროლო ველი |
20221205092234.0 |
| 008 - ფიქსირებული სიგრძის მონაცემთა ელემენტები - ზოგადი ინფორმაცია |
| ფიქსირებული სიგრძის საკონტროლო ველი |
181216s1999||||ge |||||||||||||| ||geo|| |
| 020 ## - წიგნის საერთაშორისო სტანდარტული ნომერი |
| International Standard Book Number |
9992836709 |
| 040 ## - კატალოგიზაციის წყარო |
| Transcribing agency |
GE_BSU |
| 041 ## - ენის კოდი |
| Language code of text/sound track or separate title |
geo |
| 080 ## - უნივერსალური ათობითი კლასიფიკაციის ინდექსი |
| Universal Decimal Classification number |
693 შ-49 |
| 245 ## - ცნობა სათაურის შესახებ |
| Title |
შენობა-ნაგებობების აგების ტექნოლოგია : |
| Remainder of title |
ნაწილი 1 / |
| Statement of responsibility, etc |
თ. ჟორდანია, შ. ბაქანიძე, ვ. ლოლაძე და სხვ. ; სტუ. |
| 264 ## - წარმოების, გამოცემის, დისტრიბუციის და სხვა ცნობები |
| გამოცემის, წარმოების, დისტრიბუციის... ადგილი |
თბილისი : |
| გამოცემის, წარმოების, დისტრიბუციის... სახელწოდება |
საქართველოს ტექნიკური უნ-ტი, |
| გამოცემის, წარმოების, დისტრიბუციის... თარიღი |
1999. |
| 300 ## - ფიზიკური აღწერა |
| Extent |
79 გვ.; |
| Other physical details |
24 სმ. |
| 504 ## - BIBLIOGRAPHY, ETC. NOTE |
| Bibliography, etc |
ბიბლიოგრ.: გვ.78. |
| 653 ## - INDEX TERM--UNCONTROLLED |
| Uncontrolled term |
ინჟინერია |
| 653 ## - INDEX TERM--UNCONTROLLED |
| Uncontrolled term |
შენობა-ნაგებობების აგება |
| 653 ## - INDEX TERM--UNCONTROLLED |
| Uncontrolled term |
შენობა-ნაგებობების აგება. |
| 700 ## - ADDED ENTRY--PERSONAL NAME |
| Personal name |
ჟორდანია, თ. |
| Relator term |
ავტორი |
| 9 (RLIN) |
16329 |
| 700 ## - ADDED ENTRY--PERSONAL NAME |
| Personal name |
ბაქანიძე, შ., |
| Relator term |
ავტორი. |
| 9 (RLIN) |
1607 |
| 700 ## - ADDED ENTRY--PERSONAL NAME |
| Personal name |
ლოლაძე, ვ., |
| Relator term |
ავტორი. |
| 9 (RLIN) |
1610 |
| 710 ## - ADDED ENTRY--CORPORATE NAME |
| Corporate name or jurisdiction name as entry element |
საქართველოს ტექნიკური უნივერსიტეტი. |
| 9 (RLIN) |
16330 |
| 942 ## - ADDED ENTRY ELEMENTS (KOHA) |
| Koha item type |
წიგნი |
| Source of classification or shelving scheme |
|